Un enfoque económico de la ralidad nacional /

Saved in:
Bibliographic Details
Main Author: Hoegen, Miguel von
Format: Text
Subjects:
Tags: Add Tag
No Tags, Be the first to tag this record!

MARC

LEADER 00000 a a2200000 04500
001 7769
003
040
100 |a Hoegen, Miguel von  
245 |a Un enfoque económico de la ralidad nacional /  |c Miguel von Hoegen 
650 |a ECONOMIA DE MERCADO  
650 |a BIENESTAR SOCIAL  
650 |a ESTABILIZACION ECONOMICA  
650 |a CONSTITUCIONES  
650 |a ESTADO  
773 |g número 48; páginas 17-24  
999 |c 30885  |d 30885